Vāos: (Record no. 1853)

MARC details
000 -LEADER
campo de control de longitud fija 00498nam a2200133 4500
008 - DATOS DE LONGITUD FIJA--INFORMACIÓN GENERAL
campo de control de longitud fija 708 V686e
082 ## - NÚMERO DE LA CLASIFICACIÓN DECIMAL DEWEY
Número de clasificación 708
Número de ítem V686e
100 ## - ENTRADA PRINCIPAL--NOMBRE DE PERSONA
Nombre de persona Vignoli, Adriana
9 (RLIN) 7189
245 ## - MENCIÓN DEL TÍTULO
Título Vāos:
Resto del título ensaios para uma utopia mutável
260 ## - PUBLICACIÓN, DISTRIBUCIÓN, ETC.
Lugar de publicación, distribución, etc. Brasília
Nombre del editor, distribuidor, etc. Fundo de Apoio a Cultura
-- Secretaria de Cultura
-- Governo de Brasília
Fecha de publicación, distribución, etc. 2016
300 ## - DESCRIPCIÓN FÍSICA
Extensión 58 p.
Otras características físicas il. (col)
Dimensiones 25 x 20 cm
650 ## - PUNTO DE ACCESO ADICIONAL DE MATERIA--TÉRMINO DE MATERIA
Subdivisión general arte contemporáneo
-- arte - exhibiciones
-- arte - instalación
-- arte - Brasil
9 (RLIN) 7190
700 ## - ENTRADA AGREGADA--NOMBRE PERSONAL
Nombre de persona Neves, Manuel (curaduría)
9 (RLIN) 7191
Holdings
Estatus retirado Estado de pérdida Fuente del sistema de clasificación o colocación Estado de daño No para préstamo Biblioteca de origen Biblioteca actual Ubicación en estantería Fecha de adquisición Total de préstamos Signatura topográfica completa Código de barras Visto por última vez Precio de reemplazo Tipo de ítem Koha
    Clasificación Decimal Dewey     Biblioteca LadoV Biblioteca LadoV   02/10/2019   708 V686e 004840 02/10/2019 02/10/2019 Material 01